000 00439nam a22001217a 4500
999 _c9384
_d9384
003 OSt
008 201203b ||||| |||| 00| 0 eng d
245 _aDESIDOC Journal Of Library And Information Technology
250 _a2010( Jan Vol.30 No.1, Mar Vol.30 No.2, May Vol.30 No.3, Jul Vol.30 No.4, Sep Vol.30 No.5 )
260 _aNew Delhi
_bDefence Scientific Information And Documentation Centre
650 _aApplied Science
942 _2ddc
_cBV